| 000 | 00654nam a22002057a 4500 | ||
|---|---|---|---|
| 005 | 20240712132555.0 | ||
| 008 | 110707t mx ||||| |||| 00| 0 spa d | ||
| 020 | _a9681801571 | ||
| 050 | 0 | 4 |
_aQA533 _bN55 1970 |
| 100 | 1 | _aNiles, Nathan O. | |
| 240 | 1 | 0 |
_aPlane trigonometry _lEspañol |
| 245 | 1 | 0 |
_aTrigonometría plana _c/ Nathan O. Niles ; traducción Romeo España Valenzuela. |
| 250 | _a2a ed. | ||
| 260 |
_aMéxico : _bEditorial Limusa, _c1970. |
||
| 300 |
_a269 p. : _bil. ; _c23 cm. |
||
| 500 | _aIncluye apéndice e índice. | ||
| 650 | 7 |
_2lemb _aTrigonometría plana |
|
| 700 | 1 |
_aEspaña Valenzuela, Romeo, _etraductor |
|
| 942 |
_2lcc _cLIB |
||
| 999 |
_c47677 _d47677 |
||